German Names in English - Statistics

General Stats
  • This quiz has been taken 628 times
  • The average score is 20 of 40
Answer Stats
German English % Correct
Wilhelm William
88%
Andreas Andrew
79%
Franz Francis
79%
Jeremias Jeremy
79%
Beatrix Beatrice
78%
Friedrich Frederick
77%
Heinrich Henry
75%
Noemi Naomi
75%
Anton Anthony
74%
Käthe Katherine
73%
Dorthe Dorothy
70%
Albrecht Albert
62%
Lorenz Lawrence
62%
Karl Charles
60%
Nadja Nadia
59%
Bärbel Barbara
58%
Gisela Giselle
55%
Hans John
51%
Cäcilie Cecilia
48%
Felizitas Felicity
45%
Renate Renee
45%
Gratia Grace
43%
Fränze Frances
42%
Ludwig Louis
40%
Jürgen George
38%
Gerhard Gerard
38%
Lies Elisabeth
37%
Elias Elijah
34%
Rüdiger Roger
34%
Traudl Gertrude
32%
Alena Helen
30%
Mechthild Matilda
29%
Valeska Valerie
28%
Sepp Joseph
27%
Sascha Alexandra
22%
Reinhold Ronald
21%
Jutta Judith
20%
Mitzi Mary
18%
Klaus Nicholas
15%
Dietrich Derek
12%
No matching quizzes found
Score Distribution
Percent of People with Each Score
Percentile by Number Answered
Your Score History
You have not taken this quiz